Stokování a čistění odpadních vod. 1., Stokování /

Hlavní autor: Mičín, Jan, 1951-2008
Jazyk: Čeština
Vydáno: Brno : Vysoké učení technické, 1984
Vydání: 2. vyd.
Edice: Učební texty vysokých škol
Témata:
Fyzický popis: 95 s. : il., tb. ; 30 cm
Knihy
Uloženo v:
LEADER 01338nam a22003132a 4500
001 000654954
003 CZ BrMZK
005 20080922105046.0
007 ta
008 030224s1984 xr a f cze d
020 |c Brož. 
040 |a ABA001  |b cze  |d ABA001  |d BOA001 
080 |a 628.2(075)  |2 MRF 
100 1 |a Mičín, Jan,  |d 1951-2008  |7 mzk2003188999  |4 aut 
245 1 0 |a Stokování a čistění odpadních vod.  |n 1.,  |p Stokování /  |c Jan Mičín 
246 3 0 |a Stokování 
250 |a 2. vyd. 
260 |a Brno :  |b Vysoké učení technické,  |c 1984 
300 |a 95 s. :  |b il., tb. ;  |c 30 cm 
490 1 |a Učební texty vysokých škol 
504 |a Obsahuje bibliografii 
810 2 |a Vysoké učení technické v Brně.  |t Učební texty vysokých škol  |0 s 
910 |a BOA001  |b TK-A-0206.613-84  |b 4-0876.189,1 
964 |a Stokování - odpadní vody - učebnice - vysoké školy 
990 |a BK 
996 6 |b 2619851155  |c 4-0876.189,1  |l MZK  |r Sklad / do 1 hodiny  |n 0  |w 000654954  |u 000040  |a 1  |e BOA001  |j MZK50  |s P 
996 7 |b 2619860151  |c 4-0876.189,1  |l MZK  |r Sklad / do 1 hodiny  |n 10  |w 000654954  |u 000030  |a 1  |e BOA001  |j MZK50  |s A 
996 7 |b 2629972889  |c TK-A-0206.613-84  |l MZK  |r Sklad / do 24 hodin  |n 6  |w 000654954  |u 000020  |a 1  |e BOA001  |j MZK50  |s A 
996 7 |b 2629978232  |c TK-A-0206.613-84  |l MZK  |r Sklad / do 24 hodin  |n 15  |w 000654954  |u 000010  |a 1  |e BOA001  |j MZK50  |s A